<?xml version="1.0" encoding="UTF-8"?><?xml-stylesheet type="text/xsl" href="static/style.xsl"?><OAI-PMH xmlns="http://www.openarchives.org/OAI/2.0/" xmlns:xsi="http://www.w3.org/2001/XMLSchema-instance" xsi:schemaLocation="http://www.openarchives.org/OAI/2.0/ http://www.openarchives.org/OAI/2.0/OAI-PMH.xsd"><responseDate>2026-04-13T01:06:57Z</responseDate><request verb="GetRecord" identifier="oai:www.recercat.cat:10230/43898" metadataPrefix="marc">https://recercat.cat/oai/request</request><GetRecord><record><header><identifier>oai:recercat.cat:10230/43898</identifier><datestamp>2025-12-22T13:34:26Z</datestamp><setSpec>com_2072_6</setSpec><setSpec>col_2072_452952</setSpec></header><metadata><record xmlns="http://www.loc.gov/MARC21/slim" xmlns:dcterms="http://purl.org/dc/terms/" xmlns:xsi="http://www.w3.org/2001/XMLSchema-instance" xmlns:doc="http://www.lyncode.com/xoai" xsi:schemaLocation="http://www.loc.gov/MARC21/slim http://www.loc.gov/standards/marcxml/schema/MARC21slim.xsd">
   <leader>00925njm 22002777a 4500</leader>
   <datafield ind2=" " ind1=" " tag="042">
      <subfield code="a">dc</subfield>
   </datafield>
   <datafield ind2=" " ind1=" " tag="720">
      <subfield code="a">Barrachina Muñoz, Sergio</subfield>
      <subfield code="e">author</subfield>
   </datafield>
   <datafield ind2=" " ind1=" " tag="720">
      <subfield code="a">Wilhelmi Roca, Francesc</subfield>
      <subfield code="e">author</subfield>
   </datafield>
   <datafield ind2=" " ind1=" " tag="720">
      <subfield code="a">Bellalta, Boris</subfield>
      <subfield code="e">author</subfield>
   </datafield>
   <datafield ind2=" " ind1=" " tag="260">
      <subfield code="c">2020-03-16T15:35:19Z</subfield>
   </datafield>
   <datafield ind2=" " ind1=" " tag="260">
      <subfield code="c">2020</subfield>
   </datafield>
   <datafield ind2=" " ind1=" " tag="520">
      <subfield code="a">In order to dynamically adapt the transmission bandwidth in wireless local area networks (WLANs), dynamic channel bonding (DCB) was introduced in IEEE 802.11n. It has been extended since then, and it is expected to be a key element in IEEE 802.11ax and future amendments such as IEEE 802.11be. While DCB is proven to be a compelling mechanism by itself, its performance is deeply tied to the primary channel selection, especially in high-density (HD) deployments, where multiple nodes contend for the spectrum. Traditionally, this primary channel selection relied on picking the most free one without any further consideration. In this letter, in contrast, we propose dynamic-wise (DyWi), a light-weight, decentralized, online primary channel selection algorithm for DCB that improves the expected WLAN throughput by considering not only the occupancy of the target primary channel but also the activity of the secondary channels. Even when assuming important delays due to primary channel switching, simulation results show a significant improvement both in terms of average delay and throughput.</subfield>
   </datafield>
   <datafield ind2=" " ind1=" " tag="520">
      <subfield code="a">This work has been partially supported by the Spanish Ministry of Economy and Competitiveness under the Maria de Maeztu Units of Excellence Programme (MDM-2015-0502), by a Gift from the Cisco University Research Program (CG#890107, Towards Deterministic Channel Access in High-Density WLANs) Fund, a corporate advised fund of Silicon Valley Community Foundation, and by PGC2018099959-B-I00 (MCIU/AEI/FEDER,UE). The work done by S. BarrachinaMuñoz is supported by a FI grant from the Generalitat de Catalunya.</subfield>
   </datafield>
   <datafield tag="653" ind2=" " ind1=" ">
      <subfield code="a">Dynamic channel bonding</subfield>
   </datafield>
   <datafield tag="653" ind2=" " ind1=" ">
      <subfield code="a">Primary channel</subfield>
   </datafield>
   <datafield tag="653" ind2=" " ind1=" ">
      <subfield code="a">High-density WLAN</subfield>
   </datafield>
   <datafield tag="653" ind2=" " ind1=" ">
      <subfield code="a">Online</subfield>
   </datafield>
   <datafield ind2="0" ind1="0" tag="245">
      <subfield code="a">Online primary channel selection for dynamic channel bonding in high-density WLANs</subfield>
   </datafield>
</record></metadata></record></GetRecord></OAI-PMH>